000 00291nam a2200121Ia 4500
008 190216s9999||||xx |||||||||||||| ||und||
100 _aSankara Pillai G
245 0 _aAasthanaviddikal
260 _bPoorna Pubs Kozhikode
_c1978
300 _a47p
650 _aMalayalam Nadakam
942 _cBK
999 _c27485
_d27485